[Event "Junior Online 4NCL Division 4"]
[Site "online"]
[Date "2021.04.01"]
[EventDate "2021.04.01"]
[Round "6.17"]
[White "Sasikumar, Navaneeth"]
[WhiteElo "1313"]
[WhiteTeam "Leeds Juniors 1"]
[Black "Zholnin, Ivan"]
[BlackElo "1420"]
[BlackTeam "Barnet Knights C"]
[Result "0-1"]
[PlyCount "40"]

1. d4 d5 2. Bf4 Bf5 3. Nf3 Nf6 4. e3 Nc6 5. Bd3 e6 6. c3 Be7 7. Qc2 Bxd3 8. Qxd3 Ne4 9. Nbd2 f5 10. Ne5 Nxe5 11. Bxe5 Bf6 12. Bxf6 Qxf6 13. Nxe4 fxe4 14. Qb5+ c6 15. Qxb7 O-O 16. Qxc6 Qxf2+ 17. Kd1 Qxg2 18. Qxe6+ Rf7 19. Re1 Rf8 20. Kc1 Kh8 0-1

[Event "Junior Online 4NCL Division 4"]
[Site "online"]
[Date "2021.04.01"]
[EventDate "2021.04.01"]
[Round "6.18"]
[White "Scott, Jane"]
[WhiteElo "1300"]
[WhiteTeam "Barnet Knights C"]
[Black "Rowe, Angelica"]
[BlackElo "1350"]
[BlackTeam "Leeds Juniors 1"]
[Result "0-1"]
[PlyCount "70"]

1. e4 e5 2. Nf3 Nc6 3. d4 f6 4. dxe5 fxe5 5. Bc4 Bc5 6. Nc3 d6 7. O-O Nge7 8. Bg5 h6 9. Bd2 Na5 10. Bb5+ c6 11. Be2 O-O 12. Na4 Bg4 13. b4 Bxf3 14. Bxf3 Nc4 15. bxc5 dxc5 16. Bc3 Qe8 17. Nxc5 Qg6 18. Qd3 b5 19. Qd7 Rxf3 20. Qxe7 Rxc3 21. Qe6+ Qxe6 22. Nxe6 Rxc2 23. Rfd1 Kf7 24. Nd8+ Kg8 25. Nxc6 Rf8 26. f3 Ne3 27. Re1 Rxg2+ 28. Kh1 Rc2 29. Nxe5 Nc4 30. Nxc4 bxc4 31. Rf1 c3 32. a3 Rb8 33. Rac1 Rbb2 34. f4 Rxh2+ 35. Kg1 Rbg2# 0-1

[Event "Junior Online 4NCL Division 4"]
[Site "online"]
[Date "2021.04.01"]
[EventDate "2021.04.01"]
[Round "6.21"]
[White "Bui, Kyan"]
[WhiteElo "2147"]
[WhiteTeam "Wanstead Warriors 1"]
[Black "Bhattacharya, Cali"]
[BlackElo "1331"]
[BlackTeam "Tetherdown Bishops"]
[Result "1-0"]
[PlyCount "69"]

1. e4 e6 2. d4 d5 3. Nd2 c5 4. exd5 exd5 5. Ngf3 cxd4 6. Bb5+ Bd7 7. Bxd7+ Nxd7 8. O-O Bc5 9. Nb3 Bb6 10. Nfxd4 Ne7 11. Re1 O-O 12. Bg5 f6 13. Ne6 Bxf2+ 14. Kxf2 fxg5+ 15. Nxf8 Qxf8+ 16. Kg1 Nc6 17. Qxd5+ Kh8 18. Qxd7 Rb8 19. Rf1 Qe8 20. Rad1 Qe3+ 21. Kh1 h6 22. Qd3 Qe7 23. Rde1 Qc7 24. Qc4 Rd8 25. Rf7 Qc8 26. Qc3 Rg8 27. Qh3 g4 28. Qh5 Nb4 29. Ree7 Qxc2 30. Re1 Nd3 31. Ref1 Qc4 32. Rf8 Nxb2 33. Rxg8+ Kxg8 34. Qe8+ Kh7 35. Rf8 1-0

[Event "Junior Online 4NCL Division 4"]
[Site "online"]
[Date "2021.04.01"]
[EventDate "2021.04.01"]
[Round "6.22"]
[White "Bedretdinov, Rasul"]
[WhiteElo "1037"]
[WhiteTeam "Tetherdown Bishops"]
[Black "Korossy, Nandi"]
[BlackElo "1610"]
[BlackTeam "Wanstead Warriors 1"]
[Result "1-0"]
[PlyCount "69"]

1. e4 e5 2. Nf3 Nc6 3. Bc4 Bc5 4. c3 d6 5. d4 exd4 6. O-O Bg4 7. h3 Bh5 8. Nbd2 Nf6 9. Qb3 Rb8 10. cxd4 Nxd4 11. Nxd4 Bxd4 12. Qa4+ c6 13. Bxf7+ Bxf7 14. Qxd4 c5 15. Qa4+ Qd7 16. Qxa7 O-O 17. Qa3 Qe7 18. Re1 d5 19. Qf3 Nxe4 20. Nxe4 Bg6 21. Nf6+ Qxf6 22. Qxd5+ Kh8 23. Be3 Qxb2 24. Qxc5 Rbc8 25. Qe7 Rf7 26. Qe6 Rcf8 27. Rf1 Bd3 28. Rfd1 Rxf2 29. Bxf2 Qxf2+ 30. Kh2 Qf4+ 31. Kh1 Be4 32. Rf1 Bxg2+ 33. Kxg2 Qd2+ 34. Kh1 Rd8 35. Rad1 1-0

[Event "Junior Online 4NCL Division 4"]
[Site "online"]
[Date "2021.04.01"]
[EventDate "2021.04.01"]
[Round "6.23"]
[White "Demetriou, Jay"]
[WhiteElo "1519"]
[WhiteTeam "Wanstead Warriors 1"]
[Black "Leustean, Maia"]
[BlackElo "1059"]
[BlackTeam "Tetherdown Bishops"]
[Result "1-0"]
[PlyCount "35"]

1. e4 e5 2. Nc3 Nc6 3. f4 exf4 4. Nf3 g5 5. Bb5 Bb4 6. d3 Bxc3+ 7. bxc3 Qf6 8. d4 Nge7 9. h4 gxh4 10. Nxh4 d5 11. e5 Qg7 12. Bxf4 Nf5 13. Nxf5 Bxf5 14. Qe2 O-O-O 15. Bxc6 bxc6 16. Qa6+ Kb8 17. Rb1+ Ka8 18. Qb7# 1-0

[Event "Junior Online 4NCL Division 4"]
[Site "online"]
[Date "2021.04.01"]
[EventDate "2021.04.01"]
[Round "6.24"]
[White "Kirk, Alex"]
[WhiteElo "1078"]
[WhiteTeam "Tetherdown Bishops"]
[Black "Walsh, Cole"]
[BlackElo "1478"]
[BlackTeam "Wanstead Warriors 1"]
[Result "1-0"]
[PlyCount "103"]

1. e4 e5 2. Nf3 Nf6 3. Nxe5 Nc6 4. Nxc6 dxc6 5. Bd3 Bc5 6. O-O O-O 7. Re1 Bg4 8. Be2 Bxe2 9. Qxe2 Re8 10. c3 Nxe4 11. d4 Bb6 12. Qg4 Nf6 13. Rxe8+ Qxe8 14. Qd1 Rd8 15. Be3 c5 16. h3 cxd4 17. cxd4 c5 18. d5 Nxd5 19. Bg5 f6 20. Bh4 Nc3 21. Qb3+ Nd5 22. Nc3 Qe5 23. Rd1 Bc7 24. Nxd5 Qh2+ 25. Kf1 Kf8 26. Nxc7 Qxc7 27. Rxd8+ Qxd8 28. g3 g5 29. Bxg5 fxg5 30. Qf3+ Kg7 31. Qc3+ Kg6 32. Qxc5 Qd1+ 33. Kg2 Kh5 34. g4+ Kh4 35. Qf8 h5 36. Qh6 Qd5+ 37. Kh2 Qe5+ 38. Kg1 Qe1+ 39. Kg2 Qe4+ 40. Kf1 Qd3+ 41. Ke1 Qe4+ 42. Kd2 Qd4+ 43. Kc2 Qc4+ 44. Kd1 Qd3+ 45. Ke1 Qe4+ 46. Kf1 Qd3+ 47. Kg1 Qd1+ 48. Kg2 Qd5+ 49. Kg1 Qd1+ 50. Kh2 Qd6+ 51. Qxd6 hxg4 52. Qh6# 1-0

[Event "Junior Online 4NCL Division 4"]
[Site "online"]
[Date "2021.04.01"]
[EventDate "2021.04.01"]
[Round "6.25"]
[White "Bhattacharya, Cali"]
[WhiteElo "1331"]
[WhiteTeam "Tetherdown Bishops"]
[Black "Bui, Kyan"]
[BlackElo "2147"]
[BlackTeam "Wanstead Warriors 1"]
[Result "0-1"]
[PlyCount "68"]

1. e4 e5 2. Nf3 Nf6 3. Nxe5 d6 4. Nf3 Nxe4 5. Nc3 Nxc3 6. dxc3 Be7 7. Be3 Nc6 8. Bd3 Be6 9. O-O O-O 10. Re1 Bf6 11. h3 g6 12. Bh6 Re8 13. Qd2 Bg7 14. Rad1 Qd7 15. Bb5 a6 16. Bxc6 Qxc6 17. Bxg7 Kxg7 18. Qd4+ Kg8 19. a3 Bxh3 20. Qh4 Bf5 21. Qh6 Qd7 22. Ng5 f6 23. Nf3 Bxc2 24. Rc1 Rxe1+ 25. Rxe1 Re8 26. Qd2 Rxe1+ 27. Nxe1 Bb3 28. Qf4 Qe6 29. Nd3 c5 30. Nc1 Bc4 31. g3 Qe1+ 32. Kh2 Bd5 33. Kh3 Qh1+ 34. Kg4 h5# 0-1

[Event "Junior Online 4NCL Division 4"]
[Site "online"]
[Date "2021.04.01"]
[EventDate "2021.04.01"]
[Round "6.26"]
[White "Korossy, Nandi"]
[WhiteElo "1610"]
[WhiteTeam "Wanstead Warriors 1"]
[Black "Bedretdinov, Rasul"]
[BlackElo "1037"]
[BlackTeam "Tetherdown Bishops"]
[Result "1-0"]
[PlyCount "113"]

1. e4 e5 2. Nf3 Nc6 3. Bc4 Nf6 4. Ng5 d5 5. exd5 Na5 6. Bb5+ c6 7. dxc6 bxc6 8. Qf3 Bg4 9. Bxc6+ Nxc6 10. Qxc6+ Nd7 11. d3 h6 12. Ne4 Rc8 13. Qa4 Qb6 14. Nbc3 Bb4 15. Bd2 O-O 16. O-O Bxc3 17. Bxc3 Qg6 18. f3 Bh3 19. Ng3 Qb6+ 20. Kh1 Be6 21. Qe4 Nf6 22. Qe2 Rfe8 23. a3 Rc5 24. d4 exd4 25. Bxd4 Bc4 26. Bxc5 Bxe2 27. Bxb6 Bxf1 28. Rxf1 axb6 29. Rd1 Rc8 30. c3 Rc5 31. Kg1 Rb5 32. b4 Kf8 33. f4 Ke7 34. c4 Rh5 35. Nxh5 Nxh5 36. g3 g5 37. fxg5 hxg5 38. Kg2 f5 39. Kf3 g4+ 40. Ke3 Kf6 41. Rd6+ Ke5 42. Rxb6 f4+ 43. gxf4+ Nxf4 44. Rb5+ Kf6 45. Kxf4 Ke6 46. Kxg4 Kd6 47. Rf5 Ke6 48. h4 Ke7 49. h5 Kd6 50. h6 Ke6 51. h7 Kd6 52. h8=Q Ke6 53. Qh6+ Ke7 54. Qg7+ Ke6 55. Qg6+ Ke7 56. Rf7+ Ke8 57. Qg8# 1-0

[Event "Junior Online 4NCL Division 4"]
[Site "online"]
[Date "2021.04.01"]
[EventDate "2021.04.01"]
[Round "6.27"]
[White "Leustean, Maia"]
[WhiteElo "1059"]
[WhiteTeam "Tetherdown Bishops"]
[Black "Demetriou, Jay"]
[BlackElo "1519"]
[BlackTeam "Wanstead Warriors 1"]
[Result "0-1"]
[PlyCount "60"]

1. e4 c6 2. d4 d5 3. exd5 cxd5 4. Nf3 Nc6 5. Bb5 Nf6 6. Nc3 Bf5 7. Bf4 e6 8. O-O Bd6 9. Ne5 Nd7 10. Nxc6 bxc6 11. Bxc6 Bxf4 12. Bxa8 Qxa8 13. Nb5 Qb8 14. a4 Bxh2+ 15. Kh1 O-O 16. Nxa7 Qf4 17. g3 Be4+ 18. f3 Qh6 19. fxe4 Bxg3+ 20. Kg2 Qh2+ 21. Kf3 dxe4+ 22. Kxe4 f5+ 23. Kd3 e5 24. d5 Nc5+ 25. Kc4 Bf2 26. Qe2 Qf4+ 27. Kb5 Ne4 28. Nc6 Nd6+ 29. Ka6 Ra8+ 30. Na7 Rxa7# 0-1

[Event "Junior Online 4NCL Division 4"]
[Site "online"]
[Date "2021.04.01"]
[EventDate "2021.04.01"]
[Round "6.28"]
[White "Walsh, Cole"]
[WhiteElo "1478"]
[WhiteTeam "Wanstead Warriors 1"]
[Black "Kirk, Alex"]
[BlackElo "1078"]
[BlackTeam "Tetherdown Bishops"]
[Result "1/2-1/2"]
[PlyCount "68"]

1. e4 e5 2. Nf3 Nc6 3. c3 Bc5 4. d4 exd4 5. cxd4 Bb4+ 6. Nc3 Nf6 7. Bd2 O-O 8. a3 Bxc3 9. Bxc3 Re8 10. e5 d5 11. Bb5 a6 12. Ba4 b5 13. Bb3 Bg4 14. a4 b4 15. Bd2 Nxd4 16. h3 Nxf3+ 17. gxf3 Bh5 18. Bxb4 Rxe5+ 19. Kf1 Ne4 20. Qd4 Qh4 21. fxe4 Rxe4 22. Qxd5 Be2+ 23. Kg2 Rd8 24. Qxf7+ Kh8 25. Rhg1 Qg5+ 26. Kh2 Qe5+ 27. Kh1 Rf4 28. Bc3 Bf3+ 29. Kh2 Rdd4 30. Bxd4 Rxd4+ 31. Rg3 Rd8 32. Qxf3 Qxb2 33. Rgg1 Qe5+ 34. Rg3 Qxa1 1/2-1/2

[Event "Junior Online 4NCL Division 4"]
[Site "online"]
[Date "2021.04.01"]
[EventDate "2021.04.01"]
[Round "6.31"]
[White "Kammin, Samuel"]
[WhiteElo "1701"]
[WhiteTeam "Farnham Fantasticos"]
[Black "Qiu, Calvin"]
[BlackElo "1073"]
[BlackTeam "Muswell Hill Knights"]
[Result "1-0"]
[PlyCount "63"]

1. d4 d5 2. Nf3 Nf6 3. c4 e6 4. g3 Nc6 5. Bg2 dxc4 6. O-O Bd6 7. Bg5 h6 8. Bxf6 Qxf6 9. e4 e5 10. d5 Nd4 11. Nxd4 exd4 12. f4 Bc5 13. Nd2 c3 14. e5 Qa6 15. Ne4 Bb4 16. Qxd4 cxb2 17. Qxb2 Qb6+ 18. Kh1 c5 19. Nd6+ Kd8 20. Nxf7+ Ke8 21. Nxh8 Bg4 22. Qc2 Bh5 23. Qf5 Be2 24. Qf7+ Kd8 25. e6 Qb5 26. e7+ Kc7 27. e8=Q+ Kb6 28. Qxb5+ Bxb5 29. d6 Rxh8 30. Qxb7+ Ka5 31. Qxa7+ Ba6 32. Bb7 1-0

[Event "Junior Online 4NCL Division 4"]
[Site "online"]
[Date "2021.04.01"]
[EventDate "2021.04.01"]
[Round "6.32"]
[White "Bedretdinov, Ruslan"]
[WhiteElo "1120"]
[WhiteTeam "Muswell Hill Knights"]
[Black "Warren, Archie"]
[BlackElo "1423"]
[BlackTeam "Farnham Fantasticos"]
[Result "0-1"]
[PlyCount "60"]

1. e4 c5 2. Nf3 d6 3. d4 cxd4 4. Nxd4 Nf6 5. Nc3 g6 6. f3 Bg7 7. Be3 O-O 8. Qd2 Nc6 9. O-O-O d5 10. e5 Nd7 11. Nxc6 bxc6 12. f4 Nb6 13. Qf2 Bf5 14. h3 Qc7 15. g4 Be4 16. Nxe4 dxe4 17. f5 Bxe5 18. fxg6 fxg6 19. Qh4 Na4 20. Bc4+ Kh8 21. Bd4 Rad8 22. Bxe5+ Qxe5 23. Rxd8 Qxb2+ 24. Kd1 Rxd8+ 25. Ke1 Qc1+ 26. Kf2 Rd2+ 27. Kg3 Qa3+ 28. Kf4 Qf3+ 29. Kg5 Qf6+ 30. Kh6 Qxh4# 0-1

[Event "Junior Online 4NCL Division 4"]
[Site "online"]
[Date "2021.04.01"]
[EventDate "2021.04.01"]
[Round "6.33"]
[White "Warnock, Oliver"]
[WhiteElo "1143"]
[WhiteTeam "Farnham Fantasticos"]
[Black "Sawyer, Charlie"]
[BlackElo "941"]
[BlackTeam "Muswell Hill Knights"]
[Result "0-1"]
[PlyCount "58"]

1. d4 d5 2. c4 c6 3. Bf4 g6 4. e3 Bg7 5. Nf3 Nf6 6. Bd3 e6 7. O-O O-O 8. Nc3 Bd7 9. Ne5 Bc8 10. h3 Nbd7 11. Nf3 Re8 12. e4 Nh5 13. Bh2 e5 14. dxe5 Nxe5 15. Nxe5 Bxe5 16. Bxe5 Rxe5 17. exd5 c5 18. Qf3 b6 19. Be4 Bb7 20. a4 Qe7 21. Rfe1 Re8 22. Re2 f5 23. Bd3 Qg5 24. Rae1 Rxe2 25. Rxe2 Rxe2 26. Qxe2 Nf4 27. Qe8+ Kg7 28. Qd7+ Kh6 29. Qxb7 Qxg2# 0-1

[Event "Junior Online 4NCL Division 4"]
[Site "online"]
[Date "2021.04.01"]
[EventDate "2021.04.01"]
[Round "6.34"]
[White "Gold, Jonah"]
[WhiteElo "816"]
[WhiteTeam "Muswell Hill Knights"]
[Black "Cwajna, Harrison"]
[BlackElo "983"]
[BlackTeam "Farnham Fantasticos"]
[Result "0-1"]
[PlyCount "72"]

1. e4 c5 2. Nf3 Nc6 3. Nc3 Nf6 4. d4 e6 5. Bb5 g6 6. Bxc6 dxc6 7. O-O Bg7 8. e5 Nd5 9. Bg5 f6 10. exf6 Bxf6 11. Bxf6 Qxf6 12. Re1 O-O 13. Ne4 Qe7 14. a3 b6 15. b4 cxb4 16. axb4 Qxb4 17. Rb1 Qe7 18. Ne5 Bb7 19. Nxg6 hxg6 20. c4 Nf6 21. Qf3 c5 22. dxc5 Nxe4 23. Qe2 Qxc5 24. Rf1 Nc3 25. Qxe6+ Rf7 26. Qxg6+ Rg7 27. Qe6+ Rf7 28. Qg6+ Kf8 29. Qh6+ Ke8 30. Qh8+ Kd7 31. Qh3+ Kc7 32. Qxc3 Rg8 33. h3 Rxg2+ 34. Kh1 Rgxf2+ 35. Kg1 Rxf1+ 36. Kh2 Qf2# 0-1

[Event "Junior Online 4NCL Division 4"]
[Site "online"]
[Date "2021.04.01"]
[EventDate "2021.04.01"]
[Round "6.35"]
[White "Qiu, Calvin"]
[WhiteElo "1073"]
[WhiteTeam "Muswell Hill Knights"]
[Black "Kammin, Samuel"]
[BlackElo "1701"]
[BlackTeam "Farnham Fantasticos"]
[Result "0-1"]
[PlyCount "46"]

1. e4 c5 2. Nf3 e6 3. c4 Nc6 4. Nc3 a6 5. d3 Nge7 6. Be3 d6 7. g3 g6 8. b3 Bg7 9. Qc2 b5 10. Bg2 b4 11. Na4 Bxa1 12. Qb1 Bg7 13. O-O O-O 14. Qc1 Re8 15. Bh6 Bh8 16. Re1 Nd4 17. Nxd4 Bxd4 18. Qf4 Bb7 19. Bh1 d5 20. exd5 exd5 21. Qh4 Nf5 22. Rxe8+ Qxe8 23. Qf6 Bxf6 0-1

[Event "Junior Online 4NCL Division 4"]
[Site "online"]
[Date "2021.04.01"]
[EventDate "2021.04.01"]
[Round "6.36"]
[White "Warren, Archie"]
[WhiteElo "1423"]
[WhiteTeam "Farnham Fantasticos"]
[Black "Bedretdinov, Ruslan"]
[BlackElo "1120"]
[BlackTeam "Muswell Hill Knights"]
[Result "1-0"]
[PlyCount "99"]

1. d4 d5 2. Nf3 c6 3. g3 Nf6 4. c4 e6 5. Bg2 Bd6 6. O-O O-O 7. Nc3 Nbd7 8. Qc2 e5 9. c5 Bb8 10. dxe5 Nxe5 11. e4 Nxe4 12. Nxe4 dxe4 13. Qxe4 Re8 14. Qc2 Nxf3+ 15. Bxf3 Bh3 16. Rd1 Qe7 17. Be3 Be5 18. Re1 Rad8 19. Bf4 Qf6 20. Qe2 Qe6 21. Qxe5 Qxe5 22. Rxe5 Rxe5 23. Bxe5 Rd2 24. Bg2 Bxg2 25. Kxg2 f6 26. Bd6 b6 27. Re1 bxc5 28. Bxc5 Rxb2 29. a3 Rb5 30. Bb4 a5 31. Bd6 c5 32. Rc1 a4 33. Rxc5 Rxc5 34. Bxc5 Kf7 35. Kf3 Kg6 36. Ke4 Kg5 37. h4+ Kg4 38. Kd3 Kf3 39. Kc4 g5 40. Kb4 gxh4 41. gxh4 f5 42. Kxa4 h5 43. Kb4 Kg4 44. a4 Kxh4 45. Kc3 Kg4 46. Kd3 h4 47. Ke2 h3 48. Bd6 f4 49. Kf1 h2 50. Kg2 1-0

[Event "Junior Online 4NCL Division 4"]
[Site "online"]
[Date "2021.04.01"]
[EventDate "2021.04.01"]
[Round "6.37"]
[White "Sawyer, Charlie"]
[WhiteElo "941"]
[WhiteTeam "Muswell Hill Knights"]
[Black "Warnock, Oliver"]
[BlackElo "1143"]
[BlackTeam "Farnham Fantasticos"]
[Result "0-1"]
[PlyCount "92"]

1. e4 c5 2. Nc3 d6 3. d3 Nc6 4. Nf3 Nf6 5. b3 g6 6. Bb2 Bg7 7. Be2 O-O 8. Qd2 a5 9. O-O-O Ng4 10. Rdf1 Bxc3 11. Bxc3 a4 12. h3 Nf6 13. g4 b5 14. Qh6 b4 15. Bb2 axb3 16. cxb3 Rxa2 17. g5 Nh5 18. Nd2 Ne5 19. Bxh5 Nxd3+ 20. Kc2 Nxb2 21. Ra1 Qa5 22. Rab1 Nc4+ 23. Kd3 Nxd2 24. f4 Nxb1 25. f5 Rd2+ 26. Ke3 gxf5 27. exf5 Bxf5 28. Kf4 Rf2+ 29. Ke3 Rb2 30. Kf4 Bg6 31. Bxg6 fxg6+ 32. Ke3 Rxb3+ 33. Ke4 Nd2+ 34. Kd5 Rf5+ 35. Ke6 Re3+ 36. Kd7 Qa7+ 37. Kc6 Qa4+ 38. Kb6 Nc4+ 39. Kc7 Qa5+ 40. Kc6 Qb6+ 41. Kd7 Na5 42. Kc8 Qb7+ 43. Kd8 Rf8+ 44. Qxf8+ Kxf8 45. Rf1+ Kg7 46. Ke8 Qc8# 0-1

[Event "Junior Online 4NCL Division 4"]
[Site "online"]
[Date "2021.04.01"]
[EventDate "2021.04.01"]
[Round "6.38"]
[White "Cwajna, Harrison"]
[WhiteElo "983"]
[WhiteTeam "Farnham Fantasticos"]
[Black "Gold, Jonah"]
[BlackElo "816"]
[BlackTeam "Muswell Hill Knights"]
[Result "1-0"]
[PlyCount "103"]

1. d4 d5 2. c4 Nf6 3. Nc3 Nc6 4. Nf3 e6 5. g3 Bb4 6. a3 Bxc3+ 7. bxc3 Ne4 8. Qd3 Nd6 9. Bg5 f6 10. Be3 e5 11. dxe5 fxe5 12. cxd5 Na5 13. Nxe5 Qf6 14. Nf3 Nb3 15. Rd1 c6 16. dxc6 bxc6 17. Qxd6 Qxd6 18. Rxd6 c5 19. Ne5 Ke7 20. Rd1 Bf5 21. Nd3 Bxd3 22. exd3 c4 23. dxc4 Rad8 24. Rxd8 Rxd8 25. Ke2 Rf8 26. f4 a5 27. a4 Kd6 28. Bg2 g6 29. Rb1 Nc5 30. Bxc5+ Kxc5 31. Bd5 Re8+ 32. Kd2 Kd6 33. Rb5 Kc7 34. Rxa5 Kb6 35. Rb5+ Ka6 36. c5 Ka7 37. c6 Ka6 38. c7 Rc8 39. Rc5 Kb6 40. Rc4 Ka5 41. Be6 Re8 42. c8=Q Rxc8 43. Bxc8 Kb6 44. Kd3 Ka5 45. Kd4 Kb6 46. Kd5 Ka5 47. Rc6 Kxa4 48. Rb6 Ka5 49. Rb1 Ka4 50. Kc4 Ka3 51. Rb8 Ka4 52. Ra8# 1-0

[Event "Junior Online 4NCL Division 4"]
[Site "online"]
[Date "2021.04.01"]
[EventDate "2021.04.01"]
[Round "6.41"]
[White "Zhou, Richard"]
[WhiteElo "1300"]
[WhiteTeam "Edgware Gambits D"]
[Black "Eccleston, Bryony"]
[BlackElo "1332"]
[BlackTeam "Manchester Juniors D"]
[Result "0-1"]
[PlyCount "42"]

1. d4 Nf6 2. c4 e5 3. e3 Bb4+ 4. Nc3 exd4 5. exd4 O-O 6. Ne2 Re8 7. Be3 Ng4 8. Bf4 Qf6 9. Bg3 Nc6 10. Qd2 Nxd4 11. O-O-O Nxe2+ 12. Bxe2 Nxf2 13. Rdf1 Bc5 14. Bd3 Be3 15. Re1 Nxd3+ 16. Kd1 Nxe1 17. Rxe1 d6 18. Rxe3 Bg4+ 19. Kc1 Rxe3 20. Qxe3 Qf1+ 21. Kd2 Qxg2+ 0-1

[Event "Junior Online 4NCL Division 4"]
[Site "online"]
[Date "2021.04.01"]
[EventDate "2021.04.01"]
[Round "6.42"]
[White "Fairclough, William"]
[WhiteElo "1343"]
[WhiteTeam "Manchester Juniors D"]
[Black "Barbier-Ramaiah, Rohan Theo"]
[BlackElo "1218"]
[BlackTeam "Edgware Gambits D"]
[Result "0-1"]
[PlyCount "140"]

1. e4 e5 2. Nf3 Nc6 3. Bc4 Be7 4. O-O Nf6 5. Re1 Nxe4 6. Rxe4 d5 7. Bxd5 Qxd5 8. Nc3 Qd6 9. d3 Bf5 10. Re1 O-O 11. Bg5 Bg4 12. Bxe7 Qxe7 13. Nd5 Qd6 14. Ne3 Bh5 15. Nc4 Qf6 16. Ncd2 Nd4 17. c3 Nxf3+ 18. Nxf3 Bxf3 19. Qxf3 Qxf3 20. gxf3 Rfe8 21. Re2 Rad8 22. Kg2 Rxd3 23. Rae1 Rd6 24. Rxe5 Rg6+ 25. Kf1 Rxe5 26. Rxe5 Kf8 27. h4 Rd6 28. Re2 Rd1+ 29. Kg2 Rd6 30. Kg3 Rg6+ 31. Kf4 Rh6 32. Kg3 f5 33. Rd2 Ke7 34. Re2+ Kf6 35. Re8 g5 36. hxg5+ Kxg5 37. Re7 f4+ 38. Kg2 Kf6 39. Rxc7 Rg6+ 40. Kf1 Rg7 41. Rc4 Ke5 42. Re4+ Kf5 43. b4 h5 44. Rd4 h4 45. Rd5+ Ke6 46. Rh5 Rc7 47. Rxh4 Rxc3 48. Rxf4 Ra3 49. Re4+ Kd5 50. Re7 b5 51. Kg2 Rxa2 52. Rh7 Ra4 53. Rh5+ Kc4 54. Rh4+ Kb3 55. Rg4 Rxb4 56. Rg3 a5 57. f4+ Ka2 58. f5 Rf4 59. Rg5 b4 60. f6 Rxf6 61. Rxa5+ Kb3 62. Ra1 Kc2 63. Ra2+ Kb1 64. Ra4 b3 65. Rb4 b2 66. Kf1 Kc2 67. Rc4+ Kb3 68. Rc8 b1=Q+ 69. Kg2 Rg6+ 70. Kf3 Qf5+ 0-1

[Event "Junior Online 4NCL Division 4"]
[Site "online"]
[Date "2021.04.01"]
[EventDate "2021.04.01"]
[Round "6.43"]
[White "Srinivasan, Gowri"]
[WhiteElo "1281"]
[WhiteTeam "Edgware Gambits D"]
[Black "Eccleston, Rowan"]
[BlackElo "1295"]
[BlackTeam "Manchester Juniors D"]
[Result "1-0"]
[PlyCount "35"]

1. d4 e6 2. Nc3 d5 3. Nf3 c5 4. Bf4 Nc6 5. e3 Qb6 6. b3 Qb4 7. Qd2 g6 8. Bb5 Bd7 9. Bxc6 Bxc6 10. O-O Bg7 11. a3 Qa5 12. b4 cxb4 13. axb4 Qxb4 14. Rfe1 Nh6 15. e4 O-O 16. Bxh6 Bxh6 17. Qxh6 Qxc3 18. Ng5 1-0

[Event "Junior Online 4NCL Division 4"]
[Site "online"]
[Date "2021.04.01"]
[EventDate "2021.04.01"]
[Round "6.44"]
[White "Correa, Edward"]
[WhiteElo "1211"]
[WhiteTeam "Manchester Juniors D"]
[Black "Kataria, Dhairya"]
[BlackElo "1298"]
[BlackTeam "Edgware Gambits D"]
[Result "0-1"]
[PlyCount "72"]

1. e4 c6 2. d4 d5 3. f3 Nd7 4. Nc3 e6 5. Bd3 c5 6. Be3 Bd6 7. dxc5 Nxc5 8. Bxc5 Bxc5 9. exd5 exd5 10. Qe2+ Ne7 11. Qe5 Be6 12. Nge2 O-O 13. Qh5 g6 14. Qh6 Qb6 15. b3 Be3 16. Qh4 Nf5 17. Bxf5 Bxf5 18. Nxd5 Qa5+ 19. Ndc3 Rac8 20. Qf6 Rfd8 21. Rd1 Rxd1+ 22. Kxd1 Rd8+ 23. Ke1 Bd2+ 24. Kf1 Bxc3 25. Nxc3 Bxc2 26. b4 Qc7 27. Kf2 Rd2+ 28. Ke3 Rd3+ 29. Ke2 Rxc3 30. Re1 Qc4+ 31. Kf2 Qc8 32. Kg3 Rc6 33. Qb2 Qc7+ 34. Kf2 Be4 35. Re2 Qb6+ 36. Kg3 Qc7+ 0-1

[Event "Junior Online 4NCL Division 4"]
[Site "online"]
[Date "2021.04.01"]
[EventDate "2021.04.01"]
[Round "6.46"]
[White "Barbier-Ramaiah, Rohan Theo"]
[WhiteElo "1218"]
[WhiteTeam "Edgware Gambits D"]
[Black "Fairclough, William"]
[BlackElo "1343"]
[BlackTeam "Manchester Juniors D"]
[Result "0-1"]
[PlyCount "34"]

1. d4 Nf6 2. c4 e6 3. Nc3 d5 4. Nf3 Bb4 5. Bg5 c5 6. dxc5 Bxc5 7. Bxf6 Qxf6 8. cxd5 Bb4 9. Qa4+ Nc6 10. dxc6 Bxc3+ 11. Nd2 Bxd2+ 12. Kxd2 Qxb2+ 13. Kd3 O-O 14. cxb7 Bxb7 15. Rd1 Rfd8+ 16. Ke3 Qe5+ 17. Qe4 Qxe4# 0-1

[Event "Junior Online 4NCL Division 4"]
[Site "online"]
[Date "2021.04.01"]
[EventDate "2021.04.01"]
[Round "6.47"]
[White "Eccleston, Rowan"]
[WhiteElo "1295"]
[WhiteTeam "Manchester Juniors D"]
[Black "Srinivasan, Gowri"]
[BlackElo "1281"]
[BlackTeam "Edgware Gambits D"]
[Result "0-1"]
[PlyCount "56"]

1. f4 d5 2. Nf3 Nf6 3. e3 Nc6 4. Bb5 Bd7 5. O-O a6 6. Bxc6 Bxc6 7. b3 e6 8. Bb2 Be7 9. Qe1 Qd7 10. Qg3 Rg8 11. Ne5 Qd6 12. Nxc6 Qxc6 13. Rc1 O-O-O 14. c4 dxc4 15. Rxc4 Qb5 16. f5 Bd6 17. Qg5 exf5 18. Bxf6 gxf6 19. Qxf6 Qd5 20. e4 fxe4 21. d4 e3 22. Rc2 Rde8 23. Nc3 Qc6 24. d5 Qc5 25. Qf5+ Kb8 26. Qxf7 e2+ 27. Qf2 e1=Q+ 28. Rxe1 Rxe1# 0-1

[Event "Junior Online 4NCL Division 4"]
[Site "online"]
[Date "2021.04.01"]
[EventDate "2021.04.01"]
[Round "6.48"]
[White "Kataria, Dhairya"]
[WhiteElo "1298"]
[WhiteTeam "Edgware Gambits D"]
[Black "Correa, Edward"]
[BlackElo "1211"]
[BlackTeam "Manchester Juniors D"]
[Result "1-0"]
[PlyCount "85"]

1. e4 c5 2. Nf3 e6 3. d4 cxd4 4. Nxd4 a6 5. Nc3 Qc7 6. Bd3 d6 7. Be3 b6 8. O-O Nf6 9. Qe2 Bb7 10. Rfe1 Nc6 11. Nf3 Be7 12. Rad1 O-O 13. a4 Rad8 14. Bf4 e5 15. Be3 Ng4 16. h3 Nxe3 17. fxe3 Rfe8 18. Bxa6 Ra8 19. Bxb7 Qxb7 20. Nd5 Rxa4 21. Nxe7+ Qxe7 22. Qb5 Raa8 23. Qxc6 Rec8 24. Qd5 Ra5 25. Qxd6 Qxd6 26. Rxd6 Rb5 27. Red1 h6 28. Rd8+ Rxd8 29. Rxd8+ Kh7 30. Rd5 Rxb2 31. Nxe5 f6 32. Nc4 Rxc2 33. Nxb6 Rc3 34. Kf2 Rc2+ 35. Kf3 Rb2 36. Nc4 Rc2 37. Nd6 Rc1 38. e5 Rf1+ 39. Ke2 Rg1 40. Kf2 Ra1 41. e6 Ra2+ 42. Kf3 Ra6 43. e7 1-0

[Event "Junior Online 4NCL Division 4"]
[Site "online"]
[Date "2021.04.01"]
[EventDate "2021.04.01"]
[Round "6.51"]
[White "Catabay, Mae Katelyn Rose"]
[WhiteElo "1446"]
[WhiteTeam "Colchester Juniors B"]
[Black "Gururaj, Rithwik"]
[BlackElo "1277"]
[BlackTeam "Leeds Juniors 2"]
[Result "0-1"]
[PlyCount "36"]

1. e4 c6 2. d4 d5 3. Nc3 dxe4 4. Nxe4 Bf5 5. Ng3 Bg6 6. Nf3 Nf6 7. c4 e6 8. Bd3 c5 9. Be3 cxd4 10. Bxd4 Nc6 11. Bxg6 hxg6 12. O-O Qc7 13. Rc1 O-O-O 14. Qd2 Bc5 15. Ne2 Nxd4 16. Nexd4 Rxd4 17. Qg5 Rg4 18. Qe5 Bd6 0-1

[Event "Junior Online 4NCL Division 4"]
[Site "online"]
[Date "2021.04.01"]
[EventDate "2021.04.01"]
[Round "6.52"]
[White "Agrawal, Sahil"]
[WhiteElo "1232"]
[WhiteTeam "Leeds Juniors 2"]
[Black "Catabay, Asci-Khela"]
[BlackElo "1375"]
[BlackTeam "Colchester Juniors B"]
[Result "1-0"]
[PlyCount "47"]

1. e4 e6 2. d4 d5 3. Nc3 c5 4. Nf3 Nc6 5. Be3 Qb6 6. b3 a6 7. Be2 Be7 8. O-O Nf6 9. exd5 exd5 10. Re1 O-O 11. dxc5 Bxc5 12. Na4 Bxe3 13. Nxb6 Bxb6 14. c3 Re8 15. Nd4 Ne5 16. Rc1 Nfg4 17. Bxg4 Bxg4 18. f3 Bh5 19. Qe2 Bc7 20. g4 Bg6 21. f4 Nf3+ 22. Qxf3 Rxe1+ 23. Rxe1 Rf8 24. f5 1-0

[Event "Junior Online 4NCL Division 4"]
[Site "online"]
[Date "2021.04.01"]
[EventDate "2021.04.01"]
[Round "6.53"]
[White "Granger, Charlotte"]
[WhiteElo "1308"]
[WhiteTeam "Colchester Juniors B"]
[Black "Yerabati, Samiksha"]
[BlackElo "1201"]
[BlackTeam "Leeds Juniors 2"]
[Result "0-1"]
[PlyCount "24"]

1. e4 e5 2. Nf3 Nc6 3. Bc4 Bc5 4. O-O Nf6 5. d3 h6 6. Nc3 d6 7. Bd2 Bg4 8. Nd5 Nd4 9. Nxf6+ Qxf6 10. c3 Nxf3+ 11. gxf3 Bxf3 12. Qe1 Qg6+ 0-1